[Event "SVK-chT3A2 2223"]
[Site "Slovakia"]
[Date "2023.02.05"]
[Round "6.3"]
[White "Skocik, Jozef"]
[Black "Kramar, Matus"]
[Result "1/2-1/2"]
[WhiteElo "1852"]
[BlackElo "1692"]
[PlyCount "30"]
[EventDate "2022.10.16"]
[EventType "team-tourn"]
[EventRounds "9"]
[EventCountry "SVK"]
[SourceTitle "EXT 2024"]
[Source "ChessBase"]
[SourceDate "2023.10.10"]
[SourceVersion "1"]
[SourceVersionDate "2023.10.10"]
[SourceQuality "1"]
[WhiteTeam "Hlohovec"]
[BlackTeam "Modranka Komplet II"]
[WhiteTeamCountry "SVK"]
[BlackTeamCountry "SVK"]

1. e4 c5 2. Nc3 Nc6 3. g3 g6 4. Bg2 Bg7 5. d3 d6 6. Be3 Be6 7. Nge2 Nf6 8. Qd2 Ng4 9. Bf4 0-0 10. h3 Nge5 11. Bh6 Nd4 12. Nxd4 cxd4 13. Ne2 Qb6 14. b3 Bxh6 15. Qxh6 Rac8 1/2-1/2

[Event "SVK-chT3A2 2223"]
[Site "Slovakia"]
[Date "2022.12.18"]
[Round "4.5"]
[White "Skocik, Jozef"]
[Black "Oravec, Pavol"]
[Result "1/2-1/2"]
[WhiteElo "1852"]
[BlackElo "1784"]
[PlyCount "86"]
[EventDate "2022.10.16"]
[EventType "team-tourn"]
[EventRounds "9"]
[EventCountry "SVK"]
[SourceTitle "EXT 2024"]
[Source "ChessBase"]
[SourceDate "2023.10.10"]
[SourceVersion "1"]
[SourceVersionDate "2023.10.10"]
[SourceQuality "1"]
[WhiteTeam "Hlohovec"]
[BlackTeam "Piestany Kupele II"]
[WhiteTeamCountry "SVK"]
[BlackTeamCountry "SVK"]

1. e4 e6 2. d4 d5 3. exd5 exd5 4. Bd3 Bd6 5. Ne2 Nf6 6. Bg5 Bg4 7. c3 Nbd7 8. 0-0 c6 9. Re1 0-0 10. Qc2 Qc7 11. h3 Bh5 12. Nd2 Rfe8 13. Nf1 Bg6 14. Rad1 Re7 15. Ne3 Rae8 16. Nf5 Bxf5 17. Bxf5 Nf8 18. Bxf6 gxf6 19. Kf1 Ng6 20. g3 Kg7 21. Qd3 b5 22. Ng1 Rxe1+ 23. Rxe1 Rxe1+ 24. Kxe1 Qa5 25. a3 Qc7 26. h4 a5 27. Qf3 b4 28. axb4 axb4 29. h5 Qe7+ 30. Kd2 bxc3+ 31. bxc3 Nf8 32. Qg4+ Kh6 33. Nf3 Ne6 34. Nh4 Ng7 35. Qf3 Nxh5 36. Bxh7 Nxg3 37. fxg3 Kxh7 38. Qh5+ Kg8 39. Nf5 Qf8 40. Qg4+ Kh7 41. Qh5+ Kg8 42. Nh6+ Kg7 43. Nf5+ Kg8 1/2-1/2

[Event "SVK-chT3A2 1516"]
[Site "Slovakia"]
[Date "2016.04.10"]
[Round "11.1"]
[White "Skocik, Jozef"]
[Black "Sebesta, Radovan"]
[Result "0-1"]
[WhiteElo "1956"]
[BlackElo "2013"]
[PlyCount "62"]
[EventDate "2015.10.11"]
[EventType "team-tourn"]
[EventRounds "11"]
[EventCountry "SVK"]
[SourceTitle "EXT 2020"]
[Source "ChessBase"]
[SourceDate "2019.10.17"]
[SourceVersion "1"]
[SourceVersionDate "2019.10.17"]
[SourceQuality "1"]
[WhiteTeam "Hlohovec"]
[BlackTeam "Senica SK"]
[WhiteTeamCountry "SVK"]
[BlackTeamCountry "SVK"]

1. e4 c5 2. b3 Nc6 3. Bb2 d6 4. f4 e6 5. Nf3 Nf6 6. d3 Be7 7. Be2 0-0 8. 0-0 b6 9. Nbd2 Bb7 10. h3 d5 11. Qe1 Nb4 12. Bd1 dxe4 13. dxe4 Ba6 14. Rf2 Rc8 15. a3 Nc6 16. c4 Bb7 17. g4 Nd4 18. Nxd4 cxd4 19. Bf3 Nd7 20. Qf1 e5 21. fxe5 Nxe5 22. Bg2 f6 23. g5 Qd6 24. gxf6 Bxf6 25. Qe2 Bg5 26. Nf3 Be3 27. Raf1 Nxf3+ 28. Bxf3 Qg3+ 29. Kh1 Bxf2 30. Rxf2 Qxh3+ 31. Kg1 Rcd8 0-1

[Event "SVK-chT3A2 1516"]
[Site "Slovakia"]
[Date "2016.02.21"]
[Round "8.1"]
[White "Skocik, Jozef"]
[Black "Mackovic, Matus"]
[Result "1/2-1/2"]
[WhiteElo "1956"]
[BlackElo "1979"]
[PlyCount "45"]
[EventDate "2015.10.11"]
[EventType "team-tourn"]
[EventRounds "11"]
[EventCountry "SVK"]
[SourceTitle "EXT 2020"]
[Source "ChessBase"]
[SourceDate "2019.10.17"]
[SourceVersion "1"]
[SourceVersionDate "2019.10.17"]
[SourceQuality "1"]
[WhiteTeam "Hlohovec"]
[BlackTeam "Modranka Komplet"]
[WhiteTeamCountry "SVK"]
[BlackTeamCountry "SVK"]

1. e4 c6 2. d4 d5 3. Nc3 dxe4 4. Nxe4 Bf5 5. Ng3 Bg6 6. Nf3 Nd7 7. h4 h6 8. h5 Bh7 9. Bd3 Bxd3 10. Qxd3 Qc7 11. Bd2 Ngf6 12. 0-0-0 e6 13. Kb1 Bd6 14. Ne4 Nxe4 15. Qxe4 Nf6 16. Qe2 0-0-0 17. Ne5 c5 18. c3 Bxe5 19. dxe5 Nd7 20. f4 c4 21. Be3 Nb6 22. Bxb6 axb6 23. Rxd8+ 1/2-1/2

[Event "SVK-chT3A2 1516"]
[Site "Slovakia"]
[Date "2015.10.11"]
[Round "1.1"]
[White "Kovacocy, Pavol"]
[Black "Skocik, Jozef"]
[Result "1-0"]
[WhiteElo "2199"]
[BlackElo "1956"]
[PlyCount "101"]
[EventDate "2015.10.11"]
[EventType "team-tourn"]
[EventRounds "11"]
[EventCountry "SVK"]
[SourceTitle "EXT 2020"]
[Source "ChessBase"]
[SourceDate "2019.10.17"]
[SourceVersion "1"]
[SourceVersionDate "2019.10.17"]
[SourceQuality "1"]
[WhiteTeam "Cifer"]
[BlackTeam "Hlohovec"]
[WhiteTeamCountry "SVK"]
[BlackTeamCountry "SVK"]

1. e4 c5 2. Nf3 d6 3. d4 cxd4 4. Nxd4 Nf6 5. f3 Nc6 6. c4 g6 7. Be3 Bg7 8. Qd2 0-0 9. Nc3 Bd7 10. Be2 a6 11. 0-0 Rc8 12. Rac1 Ne8 13. Nd5 e6 14. Nxc6 Rxc6 15. Nb4 Rc8 16. Rfd1 a5 17. Nd3 Bf6 18. Bf1 b5 19. cxb5 Bxb5 20. Rxc8 Qxc8 21. Qxa5 Bxd3 22. Bxd3 Bxb2 23. Rb1 Bg7 24. Qb6 Qc3 25. Qb3 Qxb3 26. axb3 Nf6 27. b4 d5 28. b5 dxe4 29. fxe4 Ng4 30. Ba7 Rd8 31. Be2 Ra8 32. Bb6 Rb8 33. Bc7 Rb7 34. b6 Bd4+ 35. Kf1 Ne3+ 36. Ke1 Nxg2+ 37. Kd2 Bxb6 38. Bxb6 Nf4 39. Ba6 Rd7+ 40. Ke3 g5 41. Bc5 Kg7 42. Bd4+ f6 43. Bc3 Rd6 44. Rb7+ Kg6 45. Bb5 Rd8 46. Re7 e5 47. Bd7 Kh6 48. Bf5 Rd3+ 49. Kf2 Ng6 50. Rc7 Rh3 51. Bxh3 1-0

[Event "SVK-chT2A 0910"]
[Site "Slovakia"]
[Date "2009.11.08"]
[Round "4.7"]
[White "Grich, Juraj"]
[Black "Skocik, Jozef"]
[Result "0-1"]
[WhiteElo "1989"]
[BlackElo "1868"]
[PlyCount "92"]
[EventDate "2009.10.10"]
[EventType "team-tourn"]
[EventRounds "11"]
[EventCountry "SVK"]
[SourceTitle "EXT 2011"]
[Source "ChessBase"]
[SourceDate "2010.11.26"]
[SourceVersion "1"]
[SourceVersionDate "2010.11.26"]
[SourceQuality "1"]
[WhiteTeam "Bratislava Slavia STU"]
[BlackTeam "Hlohovec SK Zentiva II"]
[WhiteTeamCountry "SVK"]
[BlackTeamCountry "SVK"]

1. d4 e6 2. c4 f5 3. Nc3 Nf6 4. Bg5 Be7 5. Qc2 0-0 6. e3 b6 7. Bd3 Bb7 8. f3 Nc6 9. a3 Qe8 10. 0-0-0 Qg6 11. h4 h6 12. Bxf6 Bxf6 13. g4 Be7 14. Nge2 Qf7 15. gxf5 exf5 16. Rdg1 Nd8 17. Rg3 Bd6 18. Rxg7+ Kxg7 19. d5 Ne6 20. dxe6 dxe6 21. Nd4 Be5 22. Nce2 c5 23. Rg1+ Kh8 24. f4 cxd4 25. fxe5 dxe3 26. Nf4 Rg8 27. Rf1 Rg7 28. h5 Rg5 29. Qe2 Rg3 30. Ng6+ Kh7 31. Nf4 Rag8 32. Nxe6 Rg1 33. Nf4 Be4 34. Qxe3 Bxd3 35. Qxd3 R8g3 36. Qe2 Qe7 37. Rxg1 Rxg1+ 38. Kc2 Qb7 39. Kb3 Qe4 40. Qd2 Rg3+ 41. Kb4 Qxe5 42. Nd5 Qd6+ 43. Kb5 Qc5+ 44. Ka6 Qxc4+ 45. Kxa7 Qc6 46. Ka6 Rg8 0-1

[Event "SVK-chT3A2 0809"]
[Site "Slovakia"]
[Date "2009.03.22"]
[Round "10.5"]
[White "Jozefovic, Milan"]
[Black "Skocik, Jozef"]
[Result "0-1"]
[WhiteElo "1894"]
[BlackElo "1863"]
[PlyCount "128"]
[EventDate "2008.10.19"]
[EventType "team-tourn"]
[EventRounds "11"]
[EventCountry "SVK"]
[SourceTitle "EXT 2010"]
[Source "ChessBase"]
[SourceDate "2010.11.25"]
[SourceVersion "1"]
[SourceVersionDate "2010.11.25"]
[SourceQuality "1"]
[WhiteTeam "Holic"]
[BlackTeam "Hlohovec SK Zentiva III"]
[WhiteTeamCountry "SVK"]
[BlackTeamCountry "SVK"]

1. e4 c5 2. Bc4 d6 3. Nf3 Nf6 4. Nc3 g6 5. d4 cxd4 6. Nxd4 Bg7 7. 0-0 0-0 8. Re1 Nc6 9. Be3 a6 10. a4 Bd7 11. Qd2 Rc8 12. Be2 Qa5 13. Nb3 Qc7 14. a5 Be6 15. Bb6 Qd7 16. Nd4 d5 17. Nxe6 fxe6 18. exd5 exd5 19. Bf3 e6 20. Na4 Qf7 21. Bc5 Rfe8 22. Nb6 Rcd8 23. c3 Nd7 24. Nxd7 Rxd7 25. Bd1 Qf6 26. Ba4 Rf7 27. Re2 Bf8 28. Bb6 Bd6 29. Qd3 Rc8 30. Qh3 Re8 31. Rae1 Rfe7 32. Bxc6 bxc6 33. Qd3 Ra8 34. c4 Kf7 35. b3 Qf5 36. Qc3 Qf6 37. Bd4 Qf5 38. c5 Bc7 39. Re3 Kg8 40. Be5 Rf8 41. Rf3 Bxe5 42. Rxe5 Qb1+ 43. Re1 Rxf3 44. gxf3 Qf5 45. Re5 Qf4 46. Qe3 Qxe3 47. Rxe3 Kf7 48. Kf1 Rb7 49. Ke2 Rb5 50. Kd2 Rxc5 51. b4 Rc4 52. Rb3 Ke7 53. Rc3 Rxc3 54. Kxc3 Kd6 55. f4 e5 56. Kd3 exf4 57. Kd4 g5 58. f3 h5 59. h3 h4 60. Kd3 c5 61. bxc5+ Kxc5 62. Kc3 d4+ 63. Kb3 Kb5 64. Kc2 Kc4 0-1

[Event "SVK-chT3A2 0809"]
[Site "Slovakia"]
[Date "2008.11.22"]
[Round "2.5"]
[White "Skocik, Jozef"]
[Black "Blazkova, Barbora"]
[Result "1-0"]
[WhiteElo "1863"]
[BlackElo "1898"]
[PlyCount "53"]
[EventDate "2008.10.19"]
[EventType "team-tourn"]
[EventRounds "11"]
[EventCountry "SVK"]
[SourceTitle "EXT 2010"]
[Source "ChessBase"]
[SourceDate "2010.11.25"]
[SourceVersion "1"]
[SourceVersionDate "2010.11.25"]
[SourceQuality "1"]
[WhiteTeam "Hlohovec SK Zentiva III"]
[BlackTeam "Osuske II"]
[WhiteTeamCountry "SVK"]
[BlackTeamCountry "SVK"]

1. e4 c5 2. c4 d6 3. Nc3 Nf6 4. f4 Nbd7 5. Nf3 Nb6 6. d4 cxd4 7. Qxd4 e6 8. b3 Be7 9. Ba3 0-0 10. 0-0-0 d5 11. Bxe7 Qxe7 12. e5 Qa3+ 13. Kb1 Nfd7 14. cxd5 exd5 15. Nxd5 Nxd5 16. Qxd5 Nc5 17. Nd4 Bd7 18. Bb5 Rad8 19. Bxd7 Rxd7 20. Qf3 Qb4 21. Nc2 Rxd1+ 22. Rxd1 Qb6 23. Rd6 Qc7 24. Nb4 Ne6 25. Nd5 Qc5 26. Qd1 Rc8 27. Ne7+ 1-0